Evolution of stars-the photospheric abundance connectio (Record no. 10167)

MARC details
000 -LEADER
fixed length control field 01075nam a2200265Ia 4500
003 - CONTROL NUMBER IDENTIFIER
control field IN-BaIIA
008 - FIXED-LENGTH DATA ELEMENTS--GENERAL INFORMATION
fixed length control field 211028s9999 xx 000 0 eng d
020 ## - INTERNATIONAL STANDARD BOOK NUMBER
International Standard Book Number 0-7923-1128-0
040 ## - CATALOGING SOURCE
Transcribing agency IIA Library
080 ## - UNIVERSAL DECIMAL CLASSIFICATION NUMBER
Universal Decimal Classification number 082.2:52
Item number IAU-S145
111 ## - MAIN ENTRY--MEETING NAME
Meeting name or jurisdiction name as entry element Symposium of the Inetrnational Astronomical Union
Location of meeting Bulgaria
Date of meeting or treaty signing 1990 Aug. 27-31
9 (RLIN) 17240
245 #0 - TITLE STATEMENT
Title Evolution of stars-the photospheric abundance connectio
Remainder of title proceedings of the 145th symposium of the Ineternational Astronomical Union held in Zlatni Pjasaci (Golden Sands), Bulgaria, August 27-31 1990
Statement of responsibility, etc. edited by G. Michaud and A. Tutukov
260 ## - PUBLICATION, DISTRIBUTION, ETC.
Place of publication, distribution, etc. Dordrecht
Name of publisher, distributor, etc. Kluwer Academic
Date of publication, distribution, etc. 1991
300 ## - PHYSICAL DESCRIPTION
Extent vii, 487p.
490 ## - SERIES STATEMENT
Series statement IAU Symposium; no.145
650 ## - SUBJECT ADDED ENTRY--TOPICAL TERM
Topical term or geographic name entry element Astronomy and Astrophysics Thesaurus
650 ## - SUBJECT ADDED ENTRY--TOPICAL TERM
Topical term or geographic name entry element Photosphere
9 (RLIN) 6274
650 ## - SUBJECT ADDED ENTRY--TOPICAL TERM
Topical term or geographic name entry element Solar Cosmic Abundance
9 (RLIN) 17241
650 ## - SUBJECT ADDED ENTRY--TOPICAL TERM
Topical term or geographic name entry element Stars
650 ## - SUBJECT ADDED ENTRY--TOPICAL TERM
Topical term or geographic name entry element Stellar Evolution
700 ## - ADDED ENTRY--PERSONAL NAME
Personal name Michaud, G., ed.
9 (RLIN) 17242
700 ## - ADDED ENTRY--PERSONAL NAME
Personal name Tutukov, A., ed.
9 (RLIN) 17243
710 ## - ADDED ENTRY--CORPORATE NAME
Corporate name or jurisdiction name as entry element International Astronomical Union
942 ## - ADDED ENTRY ELEMENTS (KOHA)
Koha item type Books
Holdings
Withdrawn status Lost status Damaged status Not for loan Home library Current library Shelving location Date acquired Total Checkouts Full call number Barcode Date last seen Price effective from Koha item type
        IIA Library-Bangalore IIA Library-Bangalore General Stacks 15/05/1991   082.2:52/ IAU-S145 11077 05/11/2021 15/05/1991 Books

Powered by Koha